000 00183 a2200097 4500
020 _a1572574690
041 _aspa
100 _aPlater, inge
245 _aEl viaje en tren
942 _cBK
999 _c31932
_d31930